Vom kaiserlichen Hofkaplan zum Erzbischof der Völker - Brun von Querfurt in Italien

Titel: Vom kaiserlichen Hofkaplan zum Erzbischof der Völker - Brun von Querfurt in Italien
Verfasser:
In: ˜Derœ heilige Brun von Querfurt, (2009), Seite 36-45
alle Artikel anzeigen
Veröffentlicht: 2009
Format: Aufsatz
Sprache: Deutsch
Kein Bild verfügbar
X
alg: 39229260
001A    $01999:11-11-16 
001B    $01999:17-05-21 $t20:30:17.000 
001D    $01999:11-11-16 
001U    $0utf8 
001X    $00 
002@    $0Aox 
003@    $0392292602 
007A    $0392292602 $aHEB 
007T    $0Herdc0072357m 
010@    $ager 
011@    $a2009 
021A    $aVom kaiserlichen Hofkaplan zum Erzbischof der Völker - Brun von Querfurt in Italien 
028A    $aFütterer $dPierre 
031A    $h36-45 $j2009 
039B    $aIn $8--Aau--. Der @heilige Brun von Querfurt. - Querfurt : Museum Burg Querfurt, 2009. - 224 S.. - zahlr. Ill.. - ISBN 978-3-00-028548-6 $x200900000000000964 $9220045976 
045F    $a929.094382 $eDDC23BSB 
045F/01 $a929 
045F/03 $g4382 
045F/03 $g43832 

lok: 39229260 78

exp: 39229260 78 1 #EPN
201B/01 $005-06-20 $t23:04:12.000 
201U/01 $0utf8 
203@/01 $0788389149 
208@/01 $a11-11-16 $be 
209A/01 $a/ $f000 $x00 
220C/01 $aTitelaufnehmer: pg;ak 
220C/01 $aHerkunft: HI Marburg 
220C/01 $aAnmerkung: *ng 
244Z/01 $2Trx $#Prusy Wschodnie i Zachodnie $8--Trx--Ost- und Westpreußen $x01 $939113373X 
244Z/01 $aGeschichte 975-1010 $x02 
244Z/01 $#Bruno  $#Bonifatius  $#Bonifatius  $#Bruno  $#Bruno  $#Bruno  $#Bruno  $#Bruno  $#Bonifatius  $#Bruno  $#Brun  $#Brunon  $#Carinthia, Bruno von $#Bruno  $#Brunon  $#Brun  $7118674749 $8--Tp1--$PBruno$lQuerfurtensis$Z974-1009 $x03 $9087015617 
244Z/01 $2Trx $#misjonärid $#misionieriai $#missionaries $#misszionáriusok $#misjonarze $#misionári $#misionáři $8--Trx--Missionare $x04 $9391365673 
244Z/01 $2Trx $#piiskopid, rooma-katolikud $#vyskupai, Romos katalikų $#Catholic bishops $#püspökök, római-katolikus $#biskupi rzymskokatoliccy $#biskupi rímsko-katolícki $#biskupové římsko-katoličtí $#Weihbischöfe $#bishops, auxiliary $#biskupi pomocniczy $8--Trx--Bischöfe, römisch-katholische $x05 $9391381849 
244Z/01 $2Trx $#kaplanid $#kunigai $#chaplans $#káplánok $#kapłani $#kapláni $#kaplani $8--Trx--Kapläne $x06 $9391369032 
244Z/01 $2Trx $8--Trx--Einzelbeiträge $x07 $9391384570 
245Z/01 $a12.03 $x01 
247C/01 $82080>Marburg/Lahn, Herder-Institut, Forschungsbibliothek, Bibliographieportal $9336309341
LEADER 00000caa a22000002c 4500
001 392292602
003 DE-603
005 20210517203017.0
007 tu
008 161111s2009 xx |||| | u00||u|ger c
035 |a (DE-599)HEB392292602 
040 |a DE-603  |b ger  |c DE-603  |d DE-603 
041 |a ger 
082 0 4 |8 1\u  |a 929.094382  |q DE-101  |2 23/BSB 
085 |8 1\u  |b 929 
085 |8 1\u  |z 2  |s 4382 
085 |8 1\u  |z 2  |s 43832 
100 1 |a Fütterer, Pierre 
245 0 0 |a Vom kaiserlichen Hofkaplan zum Erzbischof der Völker - Brun von Querfurt in Italien 
264 0 |c 2009 
773 0 8 |i In  |t ˜Derœ heilige Brun von Querfurt  |d Querfurt : Museum Burg Querfurt, 2009  |h 224 S., zahlr. Ill.  |z 9783000285486  |z 3000285482  |g (2009), Seite 36-45  |w (DE-603)220045976 
924 0 |9 2080  |a (DE-603)788389149  |b DE-2080  |c HES  |d d  |g /